000 01020nam a2200217Ia 4500
003 Ost
005 20260507075046.0
008 260507s9999||||xx |||||||||||||| ||und||
040 _cfsecg
041 _aara
082 _a330
100 _aالمصري، محمد رفيق
_eمؤلف
245 0 _aضمان الدخل البديل في المملكة الأردنية الهاشمية بين النظرية والتطبيق /
_c محمد رفيق المصري
260 _aعمان:
_bالمؤسسة الأردنية للتجهيزات المكتبية,
_c1992
300 _a253 صفحة؛
_bإيضاحات ؛
_c24 سم
504 _aملحق ص. 255
520 _aالتأمين والتأمين على الحياة-التسويق والإدارة-النواحي الفنية وعقود التأمين على الحياة-التأمين على الحياة والدول النامية-الضمان الإجتماعي
653 _aالتأمين - البنوك
653 _aالتسويق
942 _cكتاب
999 _c42568
_d42568